00593nam a2200169Ia 4500001001000000003000500010008004100015010001100056040000900067082002000076100001700096245010300113300001000216440001500226500011200241650007000353Para_8215CHAP220125s9999 xx 000 0 und d a207102 cCHAP aPA-C 595.752 A6 aEssig, E. O. aAphididae of southern California VIII :b plant lice affecting the citrus trees /c by E.O. Essig a33 p. aAphidae; 5 aSobretiro de: Pomona Journal of Entomology 3 (4): 586-619, 1911. Encuadernado con otros impresos similares ax Afididos x Colecciones de escritos x Afididos x California